000 00546nam a2200121Ia 4500
008 220620s9999||||xx |||||||||||||| ||und||
245 0 _aContinuity and Discontinuity in Learning Careers
_bPotentials for a Learning Space in a Changing World
546 _aEnglish[eng]
650 _aAdult education, continuous learning
700 _aMerrill, Barbara||Galimberti, Andrea||Nizinska, Adrianna||González-Monteagudo, José
856 _uhttps://library.oapen.org/bitstream/20.500.12657/38036/1/9789004375475_webready_content_text.pdf
942 _cEB
999 _c22526
_d22526